| 000 | 00893nam a22002777a 4500 | ||
|---|---|---|---|
| 001 | 4938 | ||
| 003 | FISKH | ||
| 005 | 20241025144428.0 | ||
| 008 | 241025b cb ||||| |||| 00| 0 eng d | ||
| 020 | _a051488005995 | ||
| 040 |
_aFISKH _beng _cFISKH _dFISKH |
||
| 050 | _aPZ7.B82816 | ||
| 082 | _a813.54 | ||
| 100 | _aBruchac, Joseph | ||
| 245 |
_aChildren of the Longhouse / _cby Joseph Bruchac |
||
| 250 | _aPublished in Puffin Books , 1998 | ||
| 260 |
_aNew York : _bPuffin Books : _c1996 . |
||
| 300 |
_a150 pages : _billustrations : maps ; _c20 cm . |
||
| 505 | _aZ | ||
| 520 | _aEleven-year-old Ohkwa'ri and his twin sister must make peace with a hostile gang of older boys in their Mohawk village during the late 1400s. | ||
| 521 | 8 |
_a950
_bLexile |
|
| 521 | 8 |
_aZ
_bRaz-Plus |
|
| 650 |
_aMohawnk Indians _vfiction |
||
| 942 |
_2ddc _cBK _n0 |
||
| 999 |
_c4938 _d4938 |
||